000 00441nam a2200181Ia 4500
001 10413
005 20260306161830.0
008 260306t1982||||xx |||||||||||||| ||spa||
041 _aESP
082 _a923.5
_bM98 V. 1
100 _aGambetta Bonatti, Néstor
_eAUT
245 0 _aHéroes y marinos notables:
_bapuntes biograficos
260 _c1982
300 _a
_c21cm.
650 _aGEN
654 _aCHU
942 _cLIB
_dJUS
_fJUS
_2ddc
_n
999 _c10413
_d10413